Joventut, territori i ciutadania : estudi d'orientació de les polítiques locals de joventut a la província de Barcelona / [direcció: Ricard Gomà ; coordinació: Laura Giménez, Íngrid Llopart] estudi d'orientació de les polítiques locals de joventut a la província de Barcelona / [direcció:
MARC
| LEADER | 00000nam a2200000Ia 4500 | ||
|---|---|---|---|
| 001 | 16171 | ||
| 008 | 160829s2002 xx 000 0 cat d | ||
| 080 | |a S-1-199 | ||
| 245 | |a Joventut, territori i ciutadania : |b estudi d'orientació de les polítiques locals de joventut a la província de Barcelona / [direcció: |b Ricard Gomà ; coordinació: |b Laura Giménez, Íngrid Llopart] | ||
| 260 | |a Barcelona : |b Diputació de Barcelona. Àrea de Cultura. Oficina del Pla Jove, |c 2002 | ||
| 300 | |a 76 p. ; |c 30 cm | ||
| 590 | |a Treball inclòs en el Programa d'Observació de la Realitat Juvenil. | ||
| 590 | |a Bibliografia | ||
| 651 | 0 | |a Barcelona (Catalunya : Província) |x Política de la joventut |9 56246 | |
| 700 | 1 | |a Gomà, Ricard, |d 1964- |e director |9 2111 | |
| 700 | 1 | |a Giménez Gual, Laura |9 37331 | |
| 700 | |a Llopart, Íngrid |9 67390 | ||
| 710 | 1 | |a Barcelona (Catalunya : Província). |b Oficina del Pla Jove |9 52707 | |
| 901 | |a Arxiu | ||
| 942 | |n 1 |2 udc | ||
| 952 | |0 0 |1 0 |4 0 |6 S1199 |7 1 |9 47805 |a Arxiu |b Arxiu |d 2016-12-01 |l 0 |o S-1-199 |p 16171 |r 2016-12-01 00:00:00 |w 2016-12-01 |y ARXIU | ||
| 999 | |c 51604 |d 51604 | ||